00349nam a2200157Ia 4500008004100000020001500041041001200056082001100068100001900079245002200098250000800120260002500128300000900153650001400162700001500176221030s9999 xx 000 0 und d a8120307650 aEnglish a105.23 aR. T. Morrison 0aOrganic Chemistry a6th bPHIaNew Delhic2007 a1278 aChemistry aR. N. Boyd